| 000 | 00503 a2200181 4500 | ||
|---|---|---|---|
| 003 | OSt | ||
| 005 | 20260307133213.0 | ||
| 008 | 260307b |||||||| |||| 00| 0 eng d | ||
| 020 | _a8171302440 | ||
| 040 | _coclc | ||
| 082 |
_a894.8129 _bDAS/N |
||
| 100 |
_aDas, Kamala _95366 |
||
| 245 |
_aNEERMATHALAM POOTHAKALAM / _cKAMALA DAS |
||
| 250 | _a90th Ed. | ||
| 260 |
_aKottayam: _bD C Books. _c2025, |
||
| 300 | _a320 pages | ||
| 942 |
_2ddc _cBK _h894.8129 _iDAS/N _k894.8129 _mDAS/N |
||
| 999 |
_c44658 _d44658 |
||